000
00236nam a2200085Ia 4500
245
0
_a
Old MacDonald had a farm
100
_a
CABRERA, Jane London, 2009 Pbk. ed
_9
103202
942
_c
BK
008
210818s9999 xx 000 0 und d
999
_c
453302
_d
453301